000 00629nam a2200193 4500
001 137432
003 ES-MaACL
005 20230906195354.0
007 t|
008 070214s1958 sp r ||||1| spa d
100 1 _aSánchez Aliseda, Casimiro.
_9102445
245 1 0 _aPastoral litúrgica de la misa
_b: (iniciación y participación en el misterio del culto) /
_cCasimiro Sánchez Aliseda.
260 _aMadrid :
_bEuramérica,
_c1958.
300 _a166 p. ;
_c18 cm.
490 1 _aCol. por un mundo mejor
830 0 _aCol. por un mundo mejor
_9187076
852 _aES-MaACL
_jC-15196
_bR.42510
999 _c137432
_d137432